Online
Catalog

Pedro Albizu Campos : (Record no. 2387)

MARC details
000 -CABECERA
campo de control de longitud fija 01387cam a2200337 a 4500
001 - NÚMERO DE CONTROL
campo de control 000002551
005 - FECHA Y HORA DE LA ÚLTIMA TRANSACCIÓN
campo de control 20200929150218.0
008 - DATOS DE LONGITUD FIJA--INFORMACIÓN GENERAL
campo de control de longitud fija 920113s1991 pr a b 001 0bspa
040 ## - FUENTE DE LA CATALOGACIÓN
Centro catalogador/agencia de origen DO-SdBNP
Lengua de catalogación spa
Centro/agencia transcriptor BNPHU
082 ## - NÚMERO DE LA CLASIFICACIÓN DECIMAL DEWEY
Número de clasificación 923.27295
Número de documento/Ítem A338
245 00 - MENCIÓN DE TÍTULO
Título Pedro Albizu Campos :
Resto del título reflexiones sobre su vida y su obra /
Mención de responsabilidad, etc. ensayos de Margot Arce de Vázquez ... [et al.], y una selección de reseñas periodísticas sobre su muerte y entierro ; editores Ruth Vassallo y José Antonio Torres Martinó.
260 ## - PUBLICACIÓN, DISTRIBUCIÓN, ETC.
Lugar de publicación, distribución, etc. Río Piedras, P.R. :
Nombre del editor, distribuidor, etc. Marién,
Fecha de publicación, distribución, etc. 1991.
300 ## - DESCRIPCIÓN FÍSICA
Extensión 223 p. :
Otras características físicas il. ;
Dimensiones 23 cm.
600 14 - PUNTO DE ACCESO ADICIONAL DE MATERIA--NOMBRE DE PERSONA
Nombre de persona ALBIZU CAMPOS, PEDRO
Fechas asociadas al nombre 1891-1965.
9 (RLIN) 8023
651 #4 - PUNTO DE ACCESO ADICIONAL DE MATERIA--NOMBRE GEOGRÁFICO
Nombre geográfico Puerto Rico
Subdivisión general Política Y Gobierno
Subdivisión cronológica 1898-1952.
9 (RLIN) 8024
650 #4 - PUNTO DE ACCESO ADICIONAL DE MATERIA--TÉRMINO DE MATERIA
Término de materia o nombre geográfico como elemento de entrada Nacionalistas
Subdivisión geográfica Puerto Rico
Subdivisión general Biografía
9 (RLIN) 8025
700 1# - PUNTO DE ACCESO ADICIONAL--NOMBRE DE PERSONA
Nombre de persona Arce de Vázquez, Margot
9 (RLIN) 8026
700 1# - PUNTO DE ACCESO ADICIONAL--NOMBRE DE PERSONA
Nombre de persona Carrera Benítez, Carlos
9 (RLIN) 8027
700 1# - PUNTO DE ACCESO ADICIONAL--NOMBRE DE PERSONA
Nombre de persona Brás, Juan Mari
9 (RLIN) 8028
700 1# - PUNTO DE ACCESO ADICIONAL--NOMBRE DE PERSONA
Nombre de persona Rivera Sotomayor, José
9 (RLIN) 8029
700 1# - PUNTO DE ACCESO ADICIONAL--NOMBRE DE PERSONA
Nombre de persona Rodríquez Otero, Eladio
9 (RLIN) 8030
700 1# - PUNTO DE ACCESO ADICIONAL--NOMBRE DE PERSONA
Nombre de persona Bruno, Miñi Seijo
9 (RLIN) 8031
700 1# - PUNTO DE ACCESO ADICIONAL--NOMBRE DE PERSONA
Nombre de persona Picó, Isabel
9 (RLIN) 8032
700 1# - PUNTO DE ACCESO ADICIONAL--NOMBRE DE PERSONA
Nombre de persona Ayoroa Santaliz, José Enrique
9 (RLIN) 8033
700 1# - PUNTO DE ACCESO ADICIONAL--NOMBRE DE PERSONA
Nombre de persona Marinello, Juan
9 (RLIN) 8034
700 1# - PUNTO DE ACCESO ADICIONAL--NOMBRE DE PERSONA
Nombre de persona Falcón, Luis Nieves
9 (RLIN) 8035
700 1# - PUNTO DE ACCESO ADICIONAL--NOMBRE DE PERSONA
Nombre de persona Maldonado Denis, Manuel
9 (RLIN) 8036
700 1# - PUNTO DE ACCESO ADICIONAL--NOMBRE DE PERSONA
Nombre de persona Ferrer Canales, José
9 (RLIN) 8037
700 1# - PUNTO DE ACCESO ADICIONAL--NOMBRE DE PERSONA
Nombre de persona Vassallo, Ruth
Término indicativo de función/relación ed.
9 (RLIN) 8038
700 1# - PUNTO DE ACCESO ADICIONAL--NOMBRE DE PERSONA
Nombre de persona Torres Martinó, José Antonio
Término indicativo de función/relación ed.
9 (RLIN) 8039
Holdings
Estado de retiro Estado de pérdida Restricciones de uso No para préstamo Código de colección Localización permanente Ubicación/localización actual Ubicación en estantería Fecha de adquisición Número de inventario Total de préstamos Signatura topográfica completa Código de barras Fecha visto por última vez Precio válido a partir de Tipo de ítem Koha
    Préstamo interno   Monografías: Libros y Folletos General General Depósito 03.07.2009 LF1   923.27295 A338 2551-10 25.06.2020 25.06.2020 Préstamo interno

Powered by Koha